000 00890nam0a2200289 4500
001 RU\NLR\BIBL_A\011562305
005 20240727053514.0
010 _9150
021 _aRU
_b2017-91186
_96522
035 _a(RuMoRGB)009469555
035 _a(NLR Aleph) 011562305
090 _a12281728
_c12281728
100 _a20171220d2017 m y0rusy50 ca
101 0 _arus
102 _aRU
105 _aac z 000ay
200 1 _aНа одном дыхании
_eстихотворения, поэмы, рассказы
_fСергей Зорин
210 _aСаранск
_c[б. и.]
_d2017
215 _a112 с.
_cил., цв. портр.
_d20
686 _aШ5(2=Р)64-6я44
_2rubbk
686 2 _aШ6(2=Р)8я44
700 1 _aЗорин
_bС. М.
_gСергей Михайлович
942 _cBOOK
980 _aNBR